Sociologia del desarrollo económico (Registro nro. 6711)

Detalles MARC
000 -LEADER
fixed length control field 00968 a2200217 4500
001 - CONTROL NUMBER
control field 59505
005 - DATE AND TIME OF LATEST TRANSACTION
control field 20260407155849.0
008 - FIXED-LENGTH DATA ELEMENTS--GENERAL INFORMATION
fixed length control field 260407a1960 arg spa d
003 - CONTROL NUMBER IDENTIFIER
control field AR-UNSa-BCEJYS
040 ## - CATALOGING SOURCE
Original cataloging agency AR-UNSa-BCEJYS
Language of cataloging spa
Transcribing agency AR-UNSa-BCEJYS
080 ## - UNIVERSAL DECIMAL CLASSIFICATION NUMBER
Universal Decimal Classification number 330.342
Common auxiliary subdivision Nivel de desarrollo. Grados del desarrollo de la economía. Sistemas económicos
100 1# - MAIN ENTRY--PERSONAL NAME
Personal name Zahn, Ernest
245 10 - TITLE STATEMENT
Title Sociologia del desarrollo económico
264 #1 - PRODUCTION, PUBLICATION, DISTRIBUTION, MANUFACTURE, AND COPYRIGHT NOTICE
Place of production, publication, distribution, manufacture Barcelona :
Name of producer, publisher, distributor, manufacturer Sagitario
Date of production, publication, distribution, manufacture, or copyright notice 1960
300 ## - PHYSICAL DESCRIPTION
Extent 220 p.
Dimensions 21 cm.
505 ## - FORMATTED CONTENTS NOTE
Formatted contents note 1. Nuevas oportunidades de existencia, como oferta y demanda – 2. De la carencia de bienes, a la problemática de la selección – 3. Historia del consumo en masa como revolución social – 4. Primacía del valer sobre la utilidad de los bienes – 5. Emancipación en el tiempo libre y sublimación del trabajo
590 ## - LOCAL NOTE (RLIN)
Local note niveau_biblio:m niveau_hierar:0
700 1# - ADDED ENTRY--PERSONAL NAME
Personal name Murillo, Francisco
700 1# - ADDED ENTRY--PERSONAL NAME
Personal name Bravo, José Antonio
942 ## - ADDED ENTRY ELEMENTS (KOHA)
Koha item type
Existencias
Withdrawn status Lost status Damaged status Not for loan Home library Current library Shelving location Date acquired Total checkouts Full call number Barcode Date last seen Price effective from Koha item type
        Biblioteca Prof. Eusebio Cleto del Rey Biblioteca Prof. Eusebio Cleto del Rey   07/04/2026   330.342 Z19 L23859 07/04/2026 07/04/2026 Libro